|
|
|
|
| LEADER |
00707cam a2200229 a 4500 |
| 001 |
0000065138 |
| 005 |
20030610090000.0 |
| 040 |
|
|
|a mod
|
| 041 |
|
|
|a eng
|
| 020 |
0 |
0 |
|a 0071168214
|
| 090 |
0 |
0 |
|a 006.6869
|b HUT
|c f
|e 2000
|
| 100 |
1 |
0 |
|a Hutchinson
|h Sarah E.
|
| 245 |
1 |
0 |
|a Microsoft PowerPoint 2000
|c Sarah E. Hutchinson, Glen J. Coulthard
|
| 250 |
0 |
0 |
|a Complete ed.
|
| 260 |
0 |
0 |
|a Boston
|b Irwin/McGraw-Hill
|c 2000
|
| 300 |
0 |
0 |
|a 1 v. (various pagings)
|b col. ill.
|c 27cm
|
| 440 |
0 |
0 |
|a Advantage series
|
| 650 |
0 |
0 |
|a Computer graphics
|
| 650 |
0 |
0 |
|a Microsoft PowerPoint (Computer file)
|
| 700 |
1 |
1 |
|a Coulthard
|h Glen J.
|
| 852 |
0 |
0 |
|a 01
|
| 999 |
|
|
|a 0209219
|b KEMENTAH
|d BOOKS
|e Umum
|f Perpustakaan KEMENTAH
|j AVAILABLE
|q GOOD CONDITION
|